| 000 | 00532nam a22001457a 4500 | ||
|---|---|---|---|
| 008 | 230612b |||||||| |||| 00| 0 eng d | ||
| 040 |
_aNational Science Library _cNational Science Library |
||
| 080 |
_a621.039(082.2) _bL0 |
||
| 245 |
_aNuclear power _c/ Proceedings of the seminar on nuclear power Bombay, 17-18 January, 1970 organised by Department of Atomic Energy |
||
| 260 |
_aBombay: _bDepartment of Atomic Energy, _c1970 |
||
| 300 | _aiii, 310p. | ||
| 650 | _aProceedings | ||
| 700 | _aRastogi, B P (Ed.) | ||
| 942 |
_2udc _cPR |
||
| 999 |
_c42081 _d42081 |
||